Qawaid-e-Urdu\ (Record no. 614272)

000 -LEADER
fixed length control field 00560nam a22001697a 4500
082 ## - DEWEY DECIMAL CLASSIFICATION NUMBER
Classification number 891.439
Author Mark HAQ
100 ## - MAIN ENTRY--PERSONAL NAME
Personal name Abdulhaq,dr molvi
245 ## - TITLE STATEMENT
Title Qawaid-e-Urdu\
Statement of responsibility, etc. Dr Molvi Abdulhaq
260 ## - PUBLICATION, DISTRIBUTION, ETC.
Place of publication, distribution, etc. Lahore,
Name of publisher, distributor, etc. SEVENth sky Publisher
Date of publication, distribution, etc. 2012.
300 ## - PHYSICAL DESCRIPTION
Extent 224 p.
Dimensions 24cm.
563 ## - BINDING INFORMATION
Binding note HB
650 ## - SUBJECT ADDED ENTRY--TOPICAL TERM
Topical term or geographic name entry element Urdu language Grammar
880 ## - ALTERNATE GRAPHIC REPRESENTATION
Linkage 100-01\(3\r
Title ڈاکٹر مولوی عبدالحق
880 ## - ALTERNATE GRAPHIC REPRESENTATION
Linkage 245-02\(3\r
Title قواعدِ اُردو\
880 ## - ALTERNATE GRAPHIC REPRESENTATION
Linkage 260-03\(3\r
Title لاہور;
b سیونتھ اسکائی پبلیشر,
c 2012
942 ## - ADDED ENTRY ELEMENTS (KOHA)
Source of classification or shelving scheme
Koha item type Book
650 ## - SUBJECT ADDED ENTRY--TOPICAL TERM
-- 129712
Holdings
Withdrawn status Lost status Source of classification or shelving scheme Damaged status Not for loan Permanent Location Current Location Date acquired Total Checkouts Total Renewals Full call number Barcode Checked out Date last seen Date last checked out Price effective from Koha item type
          Central Library (CL) Central Library (CL) 07/11/2025 1 2 891.439 HAQ CL-D-2771 05/13/2026 01/02/2026 01/02/2026 07/11/2025 Book
© 2023 Central Library, National University of Sciences and Technology. All Rights Reserved.